| 000 | 01056nam a2200289 a 4500 | ||
|---|---|---|---|
| 003 | MX-MxUPN | ||
| 005 | 20250918064112.0 | ||
| 007 | cr | ||
| 008 | 230330s2021 mx |||||ob||| 00| 0 spa d | ||
| 020 | _a9786073049566 | ||
| 040 |
_aMX-MxUPN _bspa _cMX-MxUPN |
||
| 041 | 0 | _aspa | |
| 050 | 1 | 4 | _aLB1029 C37 |
| 100 | 1 |
_aDíaz Barriga, Frida, _d1955- _930592 |
|
| 100 | 1 |
_aHeredia Sánchez, Abraham _948618 |
|
| 245 | 1 | 0 |
_aCasos de enseñanza : _baprendizaje situado para solucionar problemas complejos y tomar decisiones _h[recurso electrónico en línea] |
| 250 | _aPrimera edición. | ||
| 260 |
_aCiudad de México : _bUniversidad Nacional Autónoma de México, Facultad de Psicología, _c2021 |
||
| 300 |
_a1 recurso en línea (89 páginas) : _bPDF |
||
| 506 | 0 | _aAcceso abierto. | |
| 504 | _aIncluye referencias bibliográficas. | ||
| 650 | 4 |
_aEnseñanza _vEstudio de casos _948622 |
|
| 650 | 4 |
_aMétodo de casos _95876 |
|
| 856 | 4 | 0 | _uhttp://www.librosoa.unam.mx/handle/123456789/3382 |
| 902 | _aVíctor Ruiz/300323 | ||
| 942 |
_2lcc _cLIBRO-E |
||
| 999 |
_c209462 _d209462 |
||